000
00326nam a2200133Ia 4500
008
151001s9999||||xx |||||||||||||| ||und||
100
_a
प्रकाश कदम
245
_a
हर हर महादेव
250
_a
1
260
_b
सुकृत
260
_c
२०१३
300
_a
288
365
_b
21
999
_c
1002195
_d
1002192